000 00933nas a2200325 4500
001 BR0807953
003 BR-BrBNA
005 20231205112804.0
007 ta
008 230509b bl.|||p| |||| 00| 00por d
040 _aBR-BrBNA
_bpor
_cBiblioteca Nacional de Agricultura
041 _a(Pt)
072 _aF30
100 1 _aDeschamps, C.
100 1 _aZanatta, J.L.
100 1 _aBizzo, H.R.
100 1 _aOliveira, M. de C.
100 1 _aRoswalka, L.C.
245 1 _aAvaliação sazonal do rendimento de óleo essencial em espécies de menta
650 _aPLANTA AROMÁTICA
650 _aMENTA
650 _aVARIEDADE
650 _aGENÓTIPO
650 _aÓLEO ESSENCIAL
650 _aTEMPERATURA
650 _aRENDIMENTO
773 0 _tCiência e Agrotecnologia (Brazil)
_xISSN 1413-7054
_g(May-Jun 2008), v. 32(3) p. 725-730
_wBR0807953
909 _a202311
_bLúcia
_c55
_dLúcia Elande
942 _2AGRIS
_n0
_cANA
999 _c199986
_d199986